[Event "Gelsenkirchen Silvester op 1st"]
[Site "Gelsenkirchen"]
[Date "2013.12.29"]
[Round "4"]
[White "Lang, Daniel"]
[Black "Yilmaz, Ahmet"]
[Result "1-0"]
[WhiteElo "2059"]
[BlackElo "1865"]
[PlyCount "73"]
[EventDate "2013.12.27"]
[EventType "swiss"]
[EventRounds "5"]
[EventCountry "GER"]
[SourceTitle "EXT 2019"]
[Source "ChessBase"]
[SourceDate "2018.10.10"]
[SourceVersion "1"]
[SourceVersionDate "2018.10.10"]
[SourceQuality "1"]

1. e4 e5 2. Nf3 Nc6 3. Bc4 Nf6 4. Ng5 d5 5. exd5 Na5 6. Bb5+ c6 7. dxc6 bxc6 8. Bd3 Bd6 9. Nc3 0-0 10. 0-0 Re8 11. Nge4 Bc7 12. b4 Nxe4 13. Nxe4 f5 14. bxa5 Qd4 15. Qe2 fxe4 16. Qxe4 Qxe4 17. Bxe4 Ba6 18. Bxc6 Rab8 19. Bxe8 Bxf1 20. Kxf1 Rxe8 21. Rb1 Bxa5 22. Rb5 Bb6 23. Bb2 Rf8 24. f3 e4 25. Rb3 exf3 26. Rxf3 Rc8 27. Bc3 h6 28. Ke2 g5 29. d4 Bxd4 30. Bxd4 Rxc2+ 31. Ke3 Rxa2 32. Rf2 Ra3+ 33. Ke4 Kh7 34. Rf7+ Kg6 35. Rxa7 Rb3 36. g4 Rb5 37. Rg7# 1-0